| 000 | 00548nac a22001331u 4500 | ||
|---|---|---|---|
| 008 | 080904t ua|||||r|||| 001 0 ara d | ||
| 082 |
_a189 _bس ي ن |
||
| 100 |
_aابن سينا ، أبو علي الحسين ابن عبد الله _9398 |
||
| 245 |
_aالتعليقات / _cابن سينا ؛ حققه وقدم له عبد الرحمن بدوي |
||
| 260 |
_aالقاهرة : _bالهيئة المصرية العامة للكتاب، 1973. _c1973. |
||
| 300 |
_a199 ص ؛ _c24 سم . |
||
| 511 | _aCatalogued by: Sara | ||
| 942 |
_cBB _k189 س ي ن _2ddc |
||
| 999 |
_c5794 _d5794 |
||